<?xml version="1.0" encoding="UTF-8"?><?xml-stylesheet type="text/xsl" href="static/style.xsl"?><OAI-PMH xmlns="http://www.openarchives.org/OAI/2.0/" xmlns:xsi="http://www.w3.org/2001/XMLSchema-instance" xsi:schemaLocation="http://www.openarchives.org/OAI/2.0/ http://www.openarchives.org/OAI/2.0/OAI-PMH.xsd"><responseDate>2026-04-27T12:56:35Z</responseDate><request verb="GetRecord" identifier="oai:uvadoc.uva.es:10324/67620" metadataPrefix="marc">https://uvadoc.uva.es/oai/request</request><GetRecord><record><header><identifier>oai:uvadoc.uva.es:10324/67620</identifier><datestamp>2025-03-26T19:45:16Z</datestamp><setSpec>com_10324_7462</setSpec><setSpec>com_10324_5186</setSpec><setSpec>com_10324_29291</setSpec><setSpec>col_10324_67591</setSpec></header><metadata><record xmlns="http://www.loc.gov/MARC21/slim" xmlns:doc="http://www.lyncode.com/xoai" xmlns:xsi="http://www.w3.org/2001/XMLSchema-instance" xmlns:dcterms="http://purl.org/dc/terms/" xsi:schemaLocation="http://www.loc.gov/MARC21/slim http://www.loc.gov/standards/marcxml/schema/MARC21slim.xsd">
<leader>00925njm 22002777a 4500</leader>
<datafield tag="042" ind1=" " ind2=" ">
<subfield code="a">dc</subfield>
</datafield>
<datafield tag="720" ind1=" " ind2=" ">
<subfield code="a">Palomares Ibañez, Jesús María</subfield>
<subfield code="e">author</subfield>
</datafield>
<datafield tag="720" ind1=" " ind2=" ">
<subfield code="a">Rodríguez Serrador, Sofía</subfield>
<subfield code="e">author</subfield>
</datafield>
<datafield tag="260" ind1=" " ind2=" ">
<subfield code="c">2024</subfield>
</datafield>
<datafield tag="520" ind1=" " ind2=" ">
<subfield code="a">La Segunda República y la Guerra Civil española han dejado numerosos testimonios de cómo personas de diferentes condición social y mentalidad vivieron estos acontecimientos. En nuestra investigación presentamos un caso particular, el de una comunidad de monjas de clausura que dejaron constancia de su visión de esta época.</subfield>
</datafield>
<datafield tag="024" ind2=" " ind1="8">
<subfield code="a">Investigaciones Históricas. Época Moderna y Contemporánea; 2024: Nº Extraordinario II: HOMENAJE A LOS PROFESORES ELENA MAZA ZORRILLA Y PABLO GARCÍA COLMENARES pags. 679-700</subfield>
</datafield>
<datafield tag="024" ind2=" " ind1="8">
<subfield code="a">2530-6472</subfield>
</datafield>
<datafield tag="024" ind2=" " ind1="8">
<subfield code="a">https://uvadoc.uva.es/handle/10324/67620</subfield>
</datafield>
<datafield tag="024" ind2=" " ind1="8">
<subfield code="a">10.24197/ihemc.O.2024.679-700</subfield>
</datafield>
<datafield tag="024" ind2=" " ind1="8">
<subfield code="a">679</subfield>
</datafield>
<datafield tag="024" ind2=" " ind1="8">
<subfield code="a">O</subfield>
</datafield>
<datafield tag="024" ind2=" " ind1="8">
<subfield code="a">700</subfield>
</datafield>
<datafield ind1=" " ind2=" " tag="653">
<subfield code="a">Historia moderna y contemporánea</subfield>
</datafield>
<datafield tag="245" ind1="0" ind2="0">
<subfield code="a">La vida nacional detrás de las celosías monásticas: República y Guerra Civil desde el Monasterio “Las Calderonas” de Valladolid</subfield>
</datafield>
</record></metadata></record></GetRecord></OAI-PMH>